000 00329nam a22001457a 4500
005 20230727103631.0
008 230727b ||||| |||| 00| 0 eng d
040 _cAL
041 _aeng
082 _a303.484
_bTOFF
100 _aToffler Alwin
_9128585
245 _aFuture shock
260 _aNewyork
_c1971
942 _2ddc
_cBK
999 _c228172
_d228172